Artists' impressions in architectural design / (Record no. 352217)
[ view plain ]
| 000 -LEADER | |
|---|---|
| fixed length control field | 01940 a2200253 4500 |
| 003 - CONTROL NUMBER IDENTIFIER | |
| control field | OSt |
| 005 - DATE AND TIME OF LATEST TRANSACTION | |
| control field | 20180116192327.0 |
| 008 - FIXED-LENGTH DATA ELEMENTS--GENERAL INFORMATION | |
| fixed length control field | 120420t xxu||||| |||| 00| 0 eng d |
| 020 ## - INTERNATIONAL STANDARD BOOK NUMBER | |
| International Standard Book Number | 0419236007 (paperback) |
| 020 ## - INTERNATIONAL STANDARD BOOK NUMBER | |
| International Standard Book Number | 9780419236009 (paperback) |
| 040 ## - CATALOGING SOURCE | |
| Transcribing agency | 0 |
| 082 04 - DEWEY DECIMAL CLASSIFICATION NUMBER | |
| Classification number | 720.284 |
| 100 1# - MAIN ENTRY--PERSONAL NAME | |
| Personal name | Giddings, Bob. |
| 9 (RLIN) | 911 |
| 245 10 - TITLE STATEMENT | |
| Title | Artists' impressions in architectural design / |
| Statement of responsibility, etc. | Bob Giddings, Margaret Horne. |
| 260 ## - PUBLICATION, DISTRIBUTION, ETC. | |
| Place of publication, distribution, etc. | [S.l.] : |
| Name of publisher, distributor, etc. | Taylor & Francis, |
| Date of publication, distribution, etc. | 2002. |
| 300 ## - PHYSICAL DESCRIPTION | |
| Extent | 216 p. ; |
| Dimensions | 26 cm. |
| 520 ## - SUMMARY, ETC. | |
| Summary, etc. | People have always been fascinated with how an intended building will look. Clearly, architects' clients will have a vested interest in seeing impressions of their buildings before construction begins. However, members of the public have always expressed a desire to find out what is proposed for their town, village or city. In addition, artists' impressions have been extensively used to gain support for building projects in terms of publicity and fund raising; and as illustrations for articles about the construction industry and the history of architecture. Understanding how buildings are envisioned is central to people's view of architectural design. Artists' Impressions in Architectural Design looks at the the ways in which architects have represented their designs for clients and the public, both historically and contemporarily. It covers the period from the 15th to the 21st century. Featuring some of the best known buildings by the best known architects; this book places the exciting technological development of today in context with the rich historical heritage of the past. |
| 650 ## - SUBJECT ADDED ENTRY--TOPICAL TERM | |
| Topical term or geographic name entry element | Architecture |
| 9 (RLIN) | 912 |
| 650 ## - SUBJECT ADDED ENTRY--TOPICAL TERM | |
| Topical term or geographic name entry element | Architectural drawing |
| General subdivision | Techniques |
| 9 (RLIN) | 913 |
| 700 1# - ADDED ENTRY--PERSONAL NAME | |
| Personal name | Horne, Margaret. |
| 9 (RLIN) | 914 |
| 856 40 - ELECTRONIC LOCATION AND ACCESS | |
| Materials specified | Amazon.com |
| Uniform Resource Identifier | <a href="http://www.amazon.com/exec/obidos/ASIN/0419236007/chopaconline-20">http://www.amazon.com/exec/obidos/ASIN/0419236007/chopaconline-20</a> |
| 942 ## - ADDED ENTRY ELEMENTS (KOHA) | |
| Institution code [OBSOLETE] | SADA |
| Koha item type | Book |
| Call number prefix | 720.284 GID 2002 |
| Source of classification or shelving scheme | |
| Withdrawn status | Lost status | Source of classification or shelving scheme | Damaged status | Not for loan | Permanent Location | Current Location | Date acquired | Total Checkouts | Total Renewals | Full call number | Barcode | Date last seen | Date last checked out | Cost, replacement price | Price effective from | Koha item type |
|---|---|---|---|---|---|---|---|---|---|---|---|---|---|---|---|---|
| School of Art Design and Architecture (SADA) | School of Art Design and Architecture (SADA) | 10/04/2010 | 2 | 2 | 720.284 GID 2002 | SADA0000309 | 06/01/2015 | 05/28/2015 | 4912.00 | 08/05/2011 | Book |
